000
00295nam a2200109Ia 4500
008
220204s9999 xx 000 0 und d
082
_a
330.341.424(1-773)
_b
TYA
100
_a
TYAGUNENKO, V L
245
0
_a
Industralization of developing countries
260
_a
Moscow
_b
Progress
_c
1973
942
_c
BK
999
_c
24173
_d
24173